000 00798nam a22002417a 4500
001 000000883
005 20200929145431.0
008 921020s1992 sp 001 0 cat
020 _a8477393230
040 _aDO-SdBNP
_cDLC
082 _a849.1008
_bC728s
100 1 _aComadira, Narcís,
_d1942-
_93126
245 1 0 _aSomnis i runa :
_buna antología a cura de Rossend Arqués /
_cNarcís Comadira.
260 _aBarcelona :
_bProa,
_c1992.
300 _aliij, 150 p. ;
_c18 cm.
490 1 _aElls Llibres de l'Ossa Menor ;
_v161
650 4 _aPoesía catalana
_cCOLECCIONES
_93127
650 4 _aLiteratura catalana
_93128
650 4 _aAntologías
_93129
700 1 _aArquès, Rossend
_d(1953-)
_93130
830 5 _aElls Llibres de l'Ossa Menor ;
_v161
_93131
910 _aCatalogación por copia/ LC
999 _c878
_d878